KOHA-Header-6

Understanding Artificial Intelligence: Fundamentals and Applications (Record no. 13792)

000 -LEADER
fixed length control field 00341nam a22001217a 4500
020 ## - INTERNATIONAL STANDARD BOOK NUMBER
ISBN 97811119858348
082 ## - DEWEY DECIMAL CLASSIFICATION NUMBER
Classification number 006.3
100 ## - MAIN ENTRY--AUTHOR NAME
Personal name Albert Chun Liu ; Oscar Ming Kin Law ; lain Law
245 ## - TITLE STATEMENT
Title Understanding Artificial Intelligence: Fundamentals and Applications
260 ## - PUBLICATION, DISTRIBUTION, ETC. (IMPRINT)
Place of publication US
Name of publisher Wiley
Year of publication 2022
300 ## - PHYSICAL DESCRIPTION
Number of Pages xxii, 201 pages
942 ## - ADDED ENTRY ELEMENTS (KOHA)
Koha item type Books
Holdings
Withdrawn status Lost status Collection code Permanent Location Current Location Shelving location Date acquired Full call number Accession Number Koha item type
    Computer Networking MAJU MAJU Shelf No.A33 2023-10-11 006.3 10904 Books

Powered by Koha